000 00338 a2200157 4500
001 57689
020 _a9788508120017
040 _cAnchieta - Pituba
100 _aDante, Luiz Roberto
240 1 0 _aTudo é matemática
_lpor
245 1 0 _aTudo é matemática
300 _a356
362 0 _a2010
650 4 _aMatemática
942 _cBK
999 _c57689
_d57689